Faculty of Law Library — Cairo University

Official Online Catalog

La LOI Belge De Défense Sociale À L'égard Des Anormaux Et Des Délinquants D'habitude (Lol Du 9 Avril 1930) : (Record no. 72830)

MARC details
000 -LEADER
fixed length control field 01121nam a2200301 i 4500
003 - CONTROL NUMBER IDENTIFIER
control field EG-GICUC
005 - DATE AND TIME OF LATEST TRANSACTION
control field 20260422150025.0
008 - FIXED-LENGTH DATA ELEMENTS--GENERAL INFORMATION
fixed length control field 260422s1943 be ||||fr|||| 000 0 Fre d
040 ## - CATALOGING SOURCE
Original cataloging agency EG-GiCUC
Language of cataloging fre
Transcribing agency EG-GiCUC
Modifying agency EG-GiCUC
Description conventions Rda
041 0# - LANGUAGE CODE
Language code of text/sound track or separate title fre
082 04 - DEWEY DECIMAL CLASSIFICATION NUMBER
Edition number 21
Classification number 343.630493
Item number CO . B
092 04 - LOCALLY ASSIGNED DEWEY CALL NUMBER (OCLC)
Edition number 21
099 ## - LOCAL FREE-TEXT CALL NUMBER (OCLC)
Classification number Law1 10 343.630493 CO . B 1943
100 1# - MAIN ENTRY--PERSONAL NAME
Personal name Collignon, Théo
Relator term Auteur
245 13 - TITLE STATEMENT
Title La LOI Belge De Défense Sociale À L'égard Des Anormaux Et Des Délinquants D'habitude (Lol Du 9 Avril 1930) :
Remainder of title Commentaire doctrinal et jurisprudentiel /
Statement of responsibility, etc. Par Théo Collignon, Raoul Van Der Made.
264 1# - PRODUCTION, PUBLICATION, DISTRIBUTION, MANUFACTURE, AND COPYRIGHT NOTICE
Place of production, publication, distribution, manufacture Parbruxelles :
Name of producer, publisher, distributor, manufacturer Maison Ferdinand Larcier, S. A,
Date of production, publication, distribution, manufacture, or copyright notice 1943.
300 ## - PHYSICAL DESCRIPTION
Extent 345 page, pages non numérotées ;
Dimensions 24 cm.
336 ## - CONTENT TYPE
Source rda contenu
Content type term texte
337 ## - MEDIA TYPE
Source rda medias
Media type term Ordinateur
338 ## - CARRIER TYPE
Source transporteur rda
Carrier type term Ressource en ligne
546 ## - LANGUAGE NOTE
Language note Texte en français
650 1# - SUBJECT ADDED ENTRY--TOPICAL TERM
Topical term or geographic name entry element Droit pénal
Source of heading or term qrmak
651 1# - SUBJECT ADDED ENTRY--GEOGRAPHIC NAME
Source of heading or term qrmak
700 1# - ADDED ENTRY--PERSONAL NAME
Personal name Van Der Made, Raoul
Relator term Co-Auteur
856 40 - ELECTRONIC LOCATION AND ACCESS
Uniform Resource Identifier <a href="https://fll.law.cu.edu.eg/fulltext/bks/B10-10377.pdf">https://fll.law.cu.edu.eg/fulltext/bks/B10-10377.pdf</a>
905 ## - Cataloger and Reviser Names
Cataloger Name: Omar
942 ## - ADDED ENTRY ELEMENTS (KOHA)
Source of classification or shelving scheme Dewey Decimal Classification
Suppress in OPAC No
Koha item type Books
Edition 21
Holdings
Withdrawn status Lost status Source of classification or shelving scheme Damaged status Not for loan Collection Home library Current library Date acquired Total checkouts Full call number Barcode Date last seen Copy number Price effective from Koha item type
    Dewey Decimal Classification   Not for loan القانون الجنائي جــــامعة القــاهرة مكتبة كلية الحقوق - المبنى الرئيسي 22.04.2026   Law1 10 343.630493 CO . B 1943 1010377 C1 B10-10377 22.04.2026 1 22.04.2026 Books

© All rights reserved — Faculty of Law, Cairo University